| 000 | 00761pam a2200229 a 4500 | ||
|---|---|---|---|
| 001 | 1670848 | ||
| 005 | 20250324101527.0 | ||
| 008 | 980519s1999 ilua b 001 0 eng | ||
| 020 | _a0925065501 (alk. paper) | ||
| 020 | _a9780925065506 | ||
| 050 | 0 | 0 |
_aLB3013.4 _b.S365 1999 |
| 082 | 0 | 0 |
_a371.4/6 _221 |
| 245 | 0 | 0 |
_aSchool social work : _bpractice, policy, and research perspectives / _cedited by Robert Constable, Shirley McDonald, John P. Flynn,. |
| 250 | _a4th ed. | ||
| 260 |
_aChicago, Ill. : _bLyceum Books, _cc1999. |
||
| 300 |
_axviii, 581 p. : _bill. ; _c24 cm. |
||
| 650 | 0 |
_aSchool social work _zUnited States. |
|
| 700 | 1 | _aConstable, Robert T. | |
| 700 | 1 |
_aMcDonald, Shirley, _d1934- |
|
| 700 | 1 | _aFlynn, John P. | |
| 942 |
_2lcc _cBK _e4th Ed. _n0 |
||
| 999 |
_c5120 _d5120 |
||